| 000 | 00662nam a2200241 a 4500 | ||
|---|---|---|---|
| 005 | 20210219153137.0 | ||
| 008 | 991125n 000 0 u | ||
| 035 | _aUPN01000079944 | ||
| 100 | _aAker, Don | ||
| 222 | _aJOURNAL OF READING | ||
| 245 | _aFrom runned to ran : one journey toward a critical literacy | ||
| 300 | _a104-112 | ||
| 362 | _a36, No. 2, 1992 | ||
| 505 | _aFebrero 1993 | ||
| 653 | 0 | _aAPRECIACION LITARARIA | |
| 653 | 0 | _aINGLES (LENGUA) | |
| 653 | 0 | _aLECTURA CRITICA | |
| 653 | 0 | _aLECTURA RESPONSABLE | |
| 653 | 0 | _aRELACION LECTOR-TEXTO | |
| 653 | 0 | _aRELACION MAESTRO-ESTUDIANTE | |
| 904 |
_aAC _b017755 |
||
| 905 | _aArticulo | ||
| 999 |
_c69320 _d69320 |
||